Electro analytical techniques: (Record no. 22847)

MARC details
000 -LEADER
fixed length control field 00863nam a22002417a 4500
008 - FIXED-LENGTH DATA ELEMENTS--GENERAL INFORMATION
fixed length control field 090202t xxu||||| |||| 00| 0 eng d
010 ## - LCCN (DPL NO)
LC control number ENG-92737
020 ## - INTERNATIONAL STANDARD BOOK NUMBER
International Standard Book Number 9798188295158
Terms of availability 125.00
020 ## - INTERNATIONAL STANDARD BOOK NUMBER
International Standard Book Number 8188295159
Terms of availability 125.00
035 ## - SYSTEM CONTROL NUMBER
System control number EN-76270
037 ## - SOURCE OF ACQUISITION
Source of stock number/acquisition DBAD / PUB
040 ## - CATALOGING SOURCE
Original cataloging agency dpl
Language of cataloging English
082 ## - DEWEY DECIMAL CLASSIFICATION NUMBER
Classification number 543.4
100 ## - MAIN ENTRY--PERSONAL NAME
Personal name Sangeetha, A.
245 ## - TITLE STATEMENT
Title Electro analytical techniques:
Statement of responsibility, etc by A Sangeetha
Remainder of title (analytical chemistry) /
260 ## - PUBLICATION, DISTRIBUTION, ETC. (IMPRINT)
Place of publication, distribution, etc Trichy
Name of publisher, distributor, etc Nawal Publications
Date of publication, distribution, etc 2007
300 ## - PHYSICAL DESCRIPTION
Extent 142p.:
Dimensions 20cm (pbk)
650 ## - SUBJECT ADDED ENTRY--TOPICAL TERM
Topical term or geographic name as entry element Electrochemical analysis.
650 ## - SUBJECT ADDED ENTRY--TOPICAL TERM
Topical term or geographic name as entry element Electric chemistry.
650 ## - SUBJECT ADDED ENTRY--TOPICAL TERM
Topical term or geographic name as entry element Chemistry, Analytic.
942 ## - ADDED ENTRY ELEMENTS (KOHA)
Source of classification or shelving scheme Dewey Decimal Classification
Item type English Books
Call number suffix SAN
Classification part 543.4
Holdings
Withdrawn status Lost status Source of classification or shelving scheme Damaged status Not for loan Collection code Home library Current library Date acquired Source of acquisition Cost, normal purchase price Total Checkouts Full call number Barcode Date last seen Copy number Cost, replacement price Koha item type
    Dewey Decimal Classification   Not For Loan Non-fiction D.B.Act.Division D.B.Act.Division 02/02/2009 DBAD / PUB 125.00   543.4 SAN EN-76270 02/02/2009 1 125.00 English Books

© Delhi Public Library
Hit Counter
free hit counter